000 00614cam a2200217 i 4500
020 _a9780977246458
040 _cDLC
082 0 4 _a628 LAN 2008 C162 Or.
100 1 _aLancaster, Brad,
245 1 0 _aRainwater harvesting for drylands and beyond /
250 _aThird edition, revised and expanded in color.
300 _axvi, 271 pages :
_billustrations (some color) ;
_c28 cm
650 0 _aWater harvesting.
650 0 _aLandscape design.
650 0 _aRainwater.
650 0 _aEcology.
650 0 _aSolar energy
650 0 _aPermaculture.
650 0 _aSustainable development.
942 _cAEDBB
999 _c19286
_d19286